[Event "SVK 3.liga A2"]
[Site "?"]
[Date "2020.06.28"]
[Round "11.2"]
[White "Valla, Tomas"]
[Black "Ganzova, Veronika"]
[Result "0-1"]
[WhiteElo "1836"]
[BlackElo "1598"]
[PlyCount "52"]
[EventDate "2019.10.06"]

1. e4 c5 2. c3 Nc6 3. d4 e6 4. Nf3 Be7 5. d5 exd5 6. exd5 Nb8 7. c4 d6 8. Nc3
Nf6 9. Bd3 Bg4 10. h3 Bh5 11. O-O Nbd7 12. Bf4 a6 13. Re1 O-O 14. a4 Re8 15.
Re3 Qc7 16. g4 Bg6 17. Qd2 Bxd3 18. Qxd3 Bf8 19. Rae1 Qb6 20. Qc2 Rxe3 21. fxe3
g6 22. e4 Re8 23. e5 dxe5 24. Nxe5 Bd6 25. Ne4 Bxe5 26. Qh2 Bd4+ 0-1

[Event "SVK 3.liga A2"]
[Site "?"]
[Date "2020.06.28"]
[Round "11.2"]
[White "Kosticky, Simon"]
[Black "Kanka, Tomas"]
[Result "1/2-1/2"]
[WhiteElo "1866"]
[BlackElo "1763"]
[PlyCount "42"]
[EventDate "2019.10.06"]

1. c4 Nf6 2. Nc3 e5 3. g3 Bc5 4. Bg2 O-O 5. d3 c6 6. Nf3 d6 7. Bg5 h6 8. Bxf6
Qxf6 9. Ne4 Bb4+ 10. Nfd2 Qg6 11. a3 Bxd2+ 12. Qxd2 Bf5 13. O-O Nd7 14. Qb4
Bxe4 15. Bxe4 f5 16. Bg2 Rab8 17. f4 exf4 18. Rxf4 Nc5 19. Raf1 Ne6 20. R4f2
Nc5 21. Qa5 b6 1/2-1/2

[Event "SVK 3.liga A2"]
[Site "?"]
[Date "2020.06.28"]
[Round "11.2"]
[White "Zajicek, Ferdinand"]
[Black "Moravec, Milan"]
[Result "1/2-1/2"]
[WhiteElo "1707"]
[BlackElo "1583"]
[PlyCount "118"]
[EventDate "2019.10.06"]

1. e4 e6 2. Nf3 d5 3. exd5 exd5 4. d4 Nf6 5. Nc3 c6 6. a3 Be7 7. Be2 O-O 8. O-O
Bg4 9. Re1 Nbd7 10. h3 Bh5 11. Nh2 Bxe2 12. Qxe2 Re8 13. Be3 Bd6 14. Ng4 Nxg4
15. Qxg4 Nf6 16. Qf3 Ne4 17. Ne2 Qf6 18. Qxf6 Nxf6 19. Bf4 Bxf4 20. Nxf4 Re4
21. Rxe4 Nxe4 22. Re1 Re8 23. f3 Nd6 24. Rxe8+ Nxe8 25. Nd3 Nd6 26. Kf2 Kf8 27.
Ke3 Nf5+ 28. Kf4 Nxd4 29. c3 Ne6+ 30. Ke5 Ke7 31. f4 f6+ 32. Kf5 g6+ 33. Kg4
Kd6 34. f5 gxf5+ 35. Kxf5 Ke7 36. g4 d4 37. cxd4 Nxd4+ 38. Ke4 Ne6 39. h4 Kd6
40. b4 b6 41. a4 c5 42. Kf5 Ke7 43. bxc5 Nxc5 44. Nb4 Nxa4 45. Nc6+ Kf7 46.
Nxa7 Nc3 47. Nc8 b5 48. Nd6+ Ke7 49. Nc8+ Kd8 50. Nd6 Kd7 51. Nxb5 Nxb5 52.
Kxf6 Ke8 53. Kg7 Nd6 54. Kxh7 Kf7 55. g5 Ne8 56. h5 Nf6+ 57. Kh6 Ng8+ 58. Kh7
Nf6+ 59. gxf6 Kxf6 1/2-1/2

[Event "SVK 3.liga A2"]
[Site "?"]
[Date "2020.06.28"]
[Round "11.2"]
[White "Holicky, Tomas"]
[Black "Mraz, Jan"]
[Result "1/2-1/2"]
[WhiteElo "1236"]
[BlackElo "1644"]
[PlyCount "39"]
[EventDate "2019.10.06"]

1. e4 b6 2. d4 Bb7 3. Nc3 g6 4. d5 Bg7 5. Bd2 e6 6. Bc4 Ne7 7. Qf3 O-O 8. O-O-O
a6 9. a3 b5 10. Ba2 c6 11. d6 Nc8 12. Qg3 Nb6 13. e5 Nc4 14. Bxc4 bxc4 15. f4
a5 16. Nge2 Ba6 17. Ne4 f6 18. Nc5 f5 19. Nxa6 Nxa6 20. Qc3 1/2-1/2

[Event "SVK 3.liga A2"]
[Site "?"]
[Date "2020.06.28"]
[Round "11.3"]
[White "Szitasi, Janos"]
[Black "Liptak, Dusan"]
[Result "1/2-1/2"]
[WhiteElo "1982"]
[BlackElo "2150"]
[PlyCount "52"]
[EventDate "2019.10.06"]

1. e4 e6 2. d4 d5 3. Nd2 Nf6 4. e5 Nfd7 5. Bd3 c5 6. c3 Nc6 7. Ne2 Qb6 8. Nf3
Be7 9. O-O a5 10. Bc2 Qa6 11. Bg5 a4 12. Bxe7 Nxe7 13. Ng3 g6 14. Qd2 h5 15. h4
Qa5 16. Qe3 Nb6 17. Bd3 c4 18. Bc2 a3 19. b4 cxb3 20. axb3 Bd7 21. Ra2 Rc8 22.
Ne2 Bb5 23. Bd3 Nf5 24. Qd2 Bxd3 25. Qxd3 Ke7 26. Rfa1 Ra8 1/2-1/2

[Event "SVK 3.liga A2"]
[Site "?"]
[Date "2020.06.28"]
[Round "11.3"]
[White "Kovacocy, Pavel"]
[Black "Merva, Frantisek"]
[Result "1-0"]
[WhiteElo "2266"]
[BlackElo "2028"]
[PlyCount "142"]
[EventDate "2019.10.06"]

1. e4 c5 2. Ne2 d6 3. d4 cxd4 4. Nxd4 Nf6 5. f3 a6 6. c4 e6 7. Nc3 Be7 8. Be3
Nc6 9. Be2 Bd7 10. O-O Rc8 11. Qd2 Ne5 12. b3 Bc6 13. Rfd1 O-O 14. Rac1 Re8 15.
Bf1 Ng6 16. Qf2 Qa5 17. Nxc6 Rxc6 18. Qd2 Qc7 19. Na4 Qb8 20. Nb6 Bd8 21. Qf2
Ne5 22. Be2 Bc7 23. g3 Ng6 24. Na4 Ne5 25. Nc3 Ba5 26. Bd4 Rec8 27. Qe3 h6 28.
a3 Bd8 29. Kg2 Ng6 30. Qd2 h5 31. b4 Ne5 32. c5 dxc5 33. Bxc5 Ned7 34. Be3 Be7
35. Qb2 b5 36. Na2 Nb6 37. Rxc6 Rxc6 38. Rc1 Rxc1 39. Qxc1 Qb7 40. Qc3 Nfd7 41.
Bd4 Bf6 42. Bxf6 Nxf6 43. Nc1 Ne8 44. Nb3 Na4 45. Qe5 Qc7 46. Qxc7 Nxc7 47. Kf2
Kf8 48. Ke3 h4 49. gxh4 e5 50. f4 f6 51. fxe5 fxe5 52. Kd3 Ke7 53. Na5 Nb6 54.
Kc3 Na4+ 55. Kb3 Ne6 56. Kc2 Nd4+ 57. Kd2 Kd7 58. Bd1 Nb6 59. Kc3 Kc7 60. Kd3
Kb8 61. Bh5 Kc7 62. Bf7 Na4 63. Bd5 Nb2+ 64. Ke3 Nc2+ 65. Kd2 Nxa3 66. Nb3
Nac4+ 67. Kc2 Na4 68. Bxc4 bxc4 69. Nd2 Kb6 70. Nxc4+ Kb5 71. Kb3 Nb6 1-0

[Event "SVK 3.liga A2"]
[Site "?"]
[Date "2020.06.28"]
[Round "11.3"]
[White "Vegh, Vince"]
[Black "Sarmir, Milos"]
[Result "0-1"]
[WhiteElo "1916"]
[BlackElo "2037"]
[PlyCount "160"]
[EventDate "2019.10.06"]

1. e4 e5 2. Nf3 Nc6 3. Bb5 a6 4. Ba4 Nf6 5. O-O Be7 6. Re1 b5 7. Bb3 d6 8. h3
Na5 9. d4 Nxb3 10. axb3 exd4 11. e5 dxe5 12. Nxe5 Bb7 13. Bg5 O-O 14. Nd2 Nd5
15. Bxe7 Nxe7 16. b4 Nd5 17. Nd3 Re8 18. Qg4 Nf6 19. Rxe8+ Qxe8 20. Qxd4 Qc6
21. Ne1 Re8 22. Ndf3 h6 23. Rd1 Re4 24. Qd8+ Kh7 25. c3 Re2 26. Qd3+ Qe4 27.
Qxe4+ Nxe4 28. Nd3 Nd6 29. Nd4 Re8 30. Nc5 Bc8 31. Ra1 Nc4 32. Nxa6 Bxa6 33.
Rxa6 Re1+ 34. Kh2 Nxb2 35. Nxb5 Nd3 36. Nxc7 Nxf2 37. c4 f5 38. Kg3 Nd3 39. Nd5
g5 40. Ra2 h5 41. Rd2 h4+ 42. Kf3 Ne5+ 43. Kf2 Rc1 44. c5 g4 45. Re2 g3+ 46.
Ke3 Rc4 47. Ne7 f4+ 48. Kd2 Ng6 49. Kd3 f3 50. gxf3 Rxb4 51. Kc3 Rb7 52. Nd5
Rf7 53. c6 Rxf3+ 54. Kd2 Rf5 55. Ne3 Rc5 56. Ng2 Rxc6 57. Ke3 Kh6 58. Ra2 Re6+
59. Kf3 Rf6+ 60. Ke3 Kg5 61. Ra5+ Rf5 62. Ra2 Rb5 63. Kf3 Ne7 64. Re2 Rf5+ 65.
Ke3 Rf1 66. Ke4 Nf5 67. Ne1 Rf4+ 68. Ke5 Ne7 69. Nd3 Ng6+ 70. Kd5 Rf3 71. Ke4
Rf7 72. Ra2 Re7+ 73. Kd4 Rf7 74. Ke4 Rf5 75. Rb2 Nf4 76. Ne1 Nxh3 77. Nf3+ Kg4
78. Ne5+ Rxe5+ 79. Kxe5 Nf2 80. Rb4+ Kg5 0-1

[Event "SVK 3.liga A2"]
[Site "?"]
[Date "2020.06.28"]
[Round "11.3"]
[White "Puchart, Vladimir"]
[Black "Meszaros, Lorant"]
[Result "1-0"]
[WhiteElo "2050"]
[BlackElo "1922"]
[PlyCount "55"]
[EventDate "2019.10.06"]

1. d4 f5 2. c4 Nf6 3. Nf3 g6 4. g3 Bg7 5. Bg2 d6 6. Nc3 O-O 7. O-O Qe8 8. Qb3
c6 9. Bf4 Nh5 10. c5+ Kh8 11. cxd6 Nxf4 12. dxe7 Nxe2+ 13. Nxe2 Qxe7 14. Nf4
Qd6 15. Ng5 Qf6 16. Nge6 Bxe6 17. Nxe6 Rf7 18. Rfe1 Na6 19. Re2 Re8 20. Rae1
Rfe7 21. Kf1 g5 22. d5 c5 23. d6 c4 24. Qxc4 Rd7 25. Nxg5 Rxe2 26. Rxe2 Bf8 27.
Re8 Nb8 28. Ne6 1-0

[Event "SVK 3.liga A2"]
[Site "?"]
[Date "2020.06.28"]
[Round "11.3"]
[White "Both, Lajos"]
[Black "Vlkovic, Pavol"]
[Result "0-1"]
[WhiteElo "1706"]
[BlackElo "1825"]
[PlyCount "124"]
[EventDate "2019.10.06"]

1. Nf3 f5 2. e4 e6 3. exf5 exf5 4. Bc4 Qe7+ 5. Be2 Nf6 6. O-O Kd8 7. Re1 h6 8.
Bd3 Qc5 9. Re5 d5 10. Bxf5 Bd6 11. d4 Qb6 12. Bxc8 Bxe5 13. dxe5 Kxc8 14. exf6
Qxf6 15. Qxd5 Rd8 16. Qe4 Rd1+ 17. Ne1 Rxc1 18. Kf1 Qa6+ 19. Kg1 Nc6 20. Qe6+
Kd8 21. Qd5+ Ke7 22. Qe4+ Kd7 23. Qg4+ Kd8 24. Qe6 Ne7 25. Qxa6 bxa6 26. Kf1
Ke8 27. Ke2 Rd8 28. Nd3 Rxc2+ 29. Nd2 Rc6 30. Ne4 Rc2+ 31. Nd2 a5 32. Re1 Kf8
33. Kd1 Rc6 34. Nf4 Rd7 35. Re2 Kf7 36. Nh3 Nf5 37. f4 Rcd6 38. Ng1 Ne3+ 39.
Ke1 Nc2+ 40. Kd1 Nb4 41. Ngf3 Kf8 42. Ne5 Rd8 43. a3 Nd3 44. Nec4 Rd4 45. g3 a4
46. Kc2 Nc5 47. Ne5 R4d6 48. Ndc4 Re6 49. Na5 Rdd6 50. Nac4 Rd4 51. Na5 Re4 52.
Rd2 Rd6 53. Rg2 Nd7 54. Nec4 Rde6 55. Kd2 Rd4+ 56. Kc3 c5 57. Nb7 Rd1 58. Kc2
Ree1 59. Nba5 Nb6 60. Ne5 Rc1+ 61. Kd3 Nd5 62. Nb7 Rcd1+ 0-1

[Event "SVK 3.liga A2"]
[Site "?"]
[Date "2020.06.28"]
[Round "11.3"]
[White "Hornak, Pavol"]
[Black "Rozsas, Daniel"]
[Result "1-0"]
[WhiteElo "1733"]
[BlackElo "1654"]
[PlyCount "67"]
[EventDate "2019.10.06"]

1. d4 Nf6 2. c4 e6 3. Nf3 c5 4. e3 b6 5. g3 Bb7 6. Bg2 Be7 7. O-O O-O 8. Nc3 d6
9. b3 Nbd7 10. Bb2 Ne4 11. Qc2 Nxc3 12. Bxc3 f5 13. Rad1 Be4 14. Qb2 Bf6 15.
dxc5 Bxc3 16. Qxc3 Nxc5 17. Rd2 Bb7 18. Qb2 Qc7 19. Rfd1 Rfd8 20. Nd4 Bxg2 21.
Kxg2 Rac8 22. f3 d5 23. cxd5 Rxd5 24. Rc1 Rcd8 25. b4 e5 26. bxc5 exd4 27. exd4
bxc5 28. Re2 Qd6 29. dxc5 Rxc5 30. Qb3+ Kf8 31. Rxc5 Qxc5 32. Qe6 a5 33. Re5
Qc2+ 34. Kh3 1-0

[Event "SVK 3.liga A2"]
[Site "?"]
[Date "2020.06.28"]
[Round "11.3"]
[White "Szabo, Viktor"]
[Black "Stefik, Miroslav"]
[Result "0-1"]
[WhiteElo "1501"]
[BlackElo "1623"]
[PlyCount "92"]
[EventDate "2019.10.06"]

1. e4 e5 2. Nf3 Nc6 3. Nc3 Nf6 4. Bc4 Be7 5. d4 d6 6. dxe5 Nxe5 7. Nxe5 dxe5 8.
Qxd8+ Bxd8 9. f3 Bd7 10. Be3 Bc6 11. O-O-O O-O 12. g4 Be7 13. Bb5 Bd6 14. Bc4
a6 15. h4 b5 16. Bd5 Bxd5 17. Nxd5 Ne8 18. f4 f6 19. f5 Kf7 20. g5 g6 21. fxg6+
Kxg6 22. h5+ Kg7 23. gxf6+ Nxf6 24. Rhg1+ Kf7 25. Rdf1 Ke6 26. Nxf6 Rxf6 27.
Rxf6+ Kxf6 28. Bg5+ Kf7 29. Rf1+ Kg7 30. h6+ Kg6 31. Be3 Rg8 32. a3 Bf8 33. Rh1
Kf7 34. b4 Rg4 35. Rf1+ Ke8 36. Rf6 Rxe4 37. Kd2 Bd6 38. c3 Rg4 39. Kc2 Ke7 40.
Rf5 Ke6 41. Rh5 e4 42. Rg5 Rxg5 43. Bxg5 Kf5 44. Bc1 Bf4 45. Bxf4 Kxf4 46. Kd2
Kf3 0-1

[Event "SVK 3.liga A2"]
[Site "?"]
[Date "2020.06.28"]
[Round "11.3"]
[White "Prigoda, Lubos"]
[Black "Sido, Daniel"]
[Result "1/2-1/2"]
[WhiteElo "1442"]
[BlackElo "1564"]
[PlyCount "36"]
[EventDate "2019.10.06"]

1. e4 e5 2. Nf3 Nc6 3. Bb5 Nge7 4. c3 a6 5. Ba4 h6 6. O-O d6 7. d4 Ng6 8. d5 b5
9. dxc6 bxa4 10. Qxa4 Be7 11. Be3 f5 12. exf5 Bxf5 13. Nbd2 O-O 14. Rad1 Qb8
15. b4 Qb5 16. Qxb5 axb5 17. Ra1 Bf6 18. Rfc1 Ra3 1/2-1/2

[Event "SVK 3.liga A2"]
[Site "?"]
[Date "2020.06.28"]
[Round "11.4"]
[White "Londin, Martin"]
[Black "Takacs, Laszlo"]
[Result "1/2-1/2"]
[WhiteElo "1954"]
[BlackElo "2187"]
[PlyCount "53"]
[EventDate "2019.10.06"]

1. e4 c5 2. Nc3 a6 3. f4 b5 4. Nf3 Bb7 5. d4 b4 6. Na4 Bxe4 7. Nxc5 Bd5 8. c4
bxc3 9. bxc3 d6 10. Nxa6 Qc8 11. Nb4 Qxc3+ 12. Bd2 Bxf3 13. Bxc3 Bxd1 14. Bb5+
Nd7 15. Kxd1 Ngf6 16. Re1 g6 17. d5 Bg7 18. Bxf6 Bxf6 19. Rc1 Kd8 20. Nc6+ Kc7
21. a4 Nc5 22. Nxe7 Rhb8 23. g4 Rxb5 24. axb5 Ra4 25. g5 Rd4+ 26. Ke2 Bxe7 27.
Kf3 1/2-1/2

[Event "SVK 3.liga A2"]
[Site "?"]
[Date "2020.06.28"]
[Round "11.4"]
[White "Cibulka, Vladimir"]
[Black "Hrubsa, Marian"]
[Result "1-0"]
[WhiteElo "2141"]
[BlackElo "1853"]
[PlyCount "81"]
[EventDate "2019.10.06"]

1. e4 e6 2. f4 d5 3. d3 dxe4 4. dxe4 Qxd1+ 5. Kxd1 Nf6 6. Bd3 Ng4 7. Ke2 Bc5 8.
Nf3 Nc6 9. h3 Nf2 10. Rf1 Nxd3 11. cxd3 b6 12. Be3 Bxe3 13. Kxe3 Nb4 14. Rc1
Ba6 15. Ne1 c5 16. a3 Nc6 17. b4 Nd4 18. Nd2 Rc8 19. bxc5 bxc5 20. Rab1 O-O 21.
Nb3 Nxb3 22. Rxb3 c4 23. dxc4 Bxc4 24. Rbc3 Ba6 25. Rxc8 Rxc8 26. Rxc8+ Bxc8
27. e5 Kf8 28. Kd4 Ba6 29. g3 Ke7 30. Kc5 Kd7 31. Nf3 h6 32. h4 Bf1 33. Nd4 h5
34. Nc6 a6 35. Kb6 f6 36. Nb8+ Kc8 37. Nxa6 fxe5 38. fxe5 Bg2 39. Nc5 Bd5 40.
a4 Kb8 41. Nd3 1-0

[Event "SVK 3.liga A2"]
[Site "?"]
[Date "2020.06.28"]
[Round "11.4"]
[White "Harastova, Viera"]
[Black "Blaho, Stefan"]
[Result "0-1"]
[WhiteElo "1789"]
[BlackElo "2050"]
[PlyCount "116"]
[EventDate "2019.10.06"]

1. d4 d5 2. c4 e6 3. Nc3 Nf6 4. Bg5 Bb4 5. a3 Bxc3+ 6. bxc3 Nbd7 7. e3 c5 8.
Bxf6 Nxf6 9. Bd3 Qa5 10. Ne2 cxd4 11. exd4 dxc4 12. Bxc4 b5 13. Bd3 Bd7 14. O-O
O-O 15. Qb3 Rfc8 16. Rfc1 Rab8 17. Qb4 Qc7 18. h3 Nd5 19. Qb3 Nb6 20. Qc2 h6
21. Rab1 a6 22. Qd2 Qd6 23. Qe3 Nc4 24. Bxc4 Rxc4 25. Qg3 Qxg3 26. Nxg3 Ra4 27.
Ra1 Bc6 28. f3 Rc8 29. Kf2 g5 30. Ke3 f5 31. Ne2 f4+ 32. Kf2 Bd5 33. g3 fxg3+
34. Kxg3 Bc4 35. Kf2 Bd3 36. Ke3 Bf5 37. Rh1 e5 38. h4 exd4+ 39. cxd4 Re8+ 40.
Kd2 g4 41. fxg4 Bxg4 42. Rh2 Bxe2 43. Rxe2 Rxd4+ 44. Ke1 Rxe2+ 45. Kxe2 Rxh4
46. Rb1 Rh2+ 47. Kf3 Rh3+ 48. Kg4 Rxa3 49. Kh5 Kf7 50. Rf1+ Ke6 51. Kxh6 b4 52.
Kg6 a5 53. Re1+ Kd5 54. Kf5 b3 55. Rd1+ Kc4 56. Ke4 b2 57. Rd4+ Kc5 58. Rd5+
Kc6 0-1

[Event "SVK 3.liga A2"]
[Site "?"]
[Date "2020.06.28"]
[Round "11.4"]
[White "Voros, Gellert"]
[Black "Vepy, Ivan"]
[Result "1/2-1/2"]
[WhiteElo "2197"]
[BlackElo "1818"]
[PlyCount "62"]
[EventDate "2019.10.06"]

1. d4 Nf6 2. Nc3 d5 3. Bf4 e6 4. e3 Bd6 5. Bg3 Bxg3 6. hxg3 Bd7 7. Nf3 Nc6 8.
a3 Qe7 9. Ne5 Nxe5 10. dxe5 Ne4 11. Nxe4 dxe4 12. Qg4 f5 13. exf6 Qxf6 14.
O-O-O O-O-O 15. Bc4 Kb8 16. Rd2 Bc6 17. Rxd8+ Rxd8 18. Qf4 Qe7 19. Rxh7 Qc5 20.
Bb3 Bd5 21. Qe5 Qa5 22. Rh1 b5 23. Rd1 b4 24. a4 Qa6 25. Qxg7 Rd6 26. Bxd5 exd5
27. Qg8+ Kb7 28. Qe8 Rf6 29. Rxd5 Qf1+ 30. Rd1 Qc4 31. Rd2 Qf1+ 1/2-1/2

[Event "SVK 3.liga A2"]
[Site "?"]
[Date "2020.06.28"]
[Round "11.4"]
[White "Krakovsky, Peter"]
[Black "Viczencz, Peter"]
[Result "1/2-1/2"]
[WhiteElo "1624"]
[BlackElo "2190"]
[PlyCount "69"]
[EventDate "2019.10.06"]

1. c4 e5 2. Nc3 Nf6 3. g3 c6 4. Bg2 d5 5. cxd5 cxd5 6. d3 Nc6 7. Nf3 h6 8. O-O
Bc5 9. Nxe5 Bxf2+ 10. Rxf2 Nxe5 11. Rf1 O-O 12. b3 Re8 13. e4 dxe4 14. dxe4
Qb6+ 15. Kh1 Bg4 16. Qd2 Rad8 17. Nd5 Nxd5 18. exd5 Ng6 19. Re1 Rxe1+ 20. Qxe1
Qd4 21. Be3 Qd3 22. Bxa7 Bf3 23. Qe3 Bxg2+ 24. Kxg2 Qxd5+ 25. Kg1 Ne5 26. Rf1
f6 27. a4 Qd3 28. Qb6 Rd7 29. Qe6+ Kh8 30. Rxf6 Qd1+ 31. Rf1 Qe2 32. Rf8+ Kh7
33. Qg8+ Kg6 34. Qe6+ Kh7 35. Qg8+ 1/2-1/2

[Event "SVK 3.liga A2"]
[Site "?"]
[Date "2020.06.28"]
[Round "11.4"]
[White "Bugar, Peter"]
[Black "Londin, Lukas Vojtech"]
[Result "1-0"]
[WhiteElo "2013"]
[BlackElo "1542"]
[PlyCount "67"]
[EventDate "2019.10.06"]

1. c4 e5 2. g3 Nc6 3. Nc3 f5 4. Nf3 Nf6 5. d4 e4 6. Ng5 Bb4 7. h4 Bxc3+ 8. bxc3
d6 9. Rb1 O-O 10. e3 Na5 11. Ba3 h6 12. Nh3 Be6 13. Qa4 b6 14. Nf4 Bd7 15. Qd1
c5 16. Be2 Qe8 17. h5 Qf7 18. d5 Rfe8 19. O-O Bc8 20. Bc1 Nd7 21. f3 exf3 22.
Bxf3 Nxc4 23. Ne6 Nde5 24. Be4 Bxe6 25. dxe6 Qe7 26. Bxa8 Rxa8 27. Qd5 Re8 28.
Rxf5 Kh8 29. e4 Rf8 30. Bf4 Rf6 31. Bxe5 Nxe5 32. Rbf1 Rxe6 33. Rf8+ Kh7 34.
Qa8 1-0

[Event "SVK 3.liga A2"]
[Site "?"]
[Date "2020.06.28"]
[Round "11.4"]
[White "Danihel, Jozef"]
[Black "Simonics, Peter"]
[Result "0-1"]
[WhiteElo "1536"]
[BlackElo "2072"]
[PlyCount "56"]
[EventDate "2019.10.06"]

1. d4 Nf6 2. Nf3 g6 3. Nc3 d5 4. Bf4 Bg7 5. h3 O-O 6. e3 c6 7. Be2 Nfd7 8. O-O
Qa5 9. a3 Re8 10. b4 Qb6 11. Na4 Qd8 12. Rc1 b5 13. Nc5 Nxc5 14. bxc5 Nd7 15.
c3 e5 16. Bh2 a5 17. Rb1 a4 18. Nd2 Qe7 19. Re1 f5 20. Nf1 Bb7 21. f4 exd4 22.
exd4 Nxc5 23. Nd2 Nb3 24. Kh1 Nxd2 25. Qxd2 Qxa3 26. c4 dxc4 27. Bxc4+ Kh8 28.
Bd3 Qd6 0-1

[Event "SVK 3.liga A2"]
[Site "?"]
[Date "2020.06.28"]
[Round "11.4"]
[White "Matis, Tibor"]
[Black "Romanova, Ela"]
[Result "1-0"]
[WhiteElo "1939"]
[BlackElo "1496"]
[PlyCount "63"]
[EventDate "2019.10.06"]

1. e4 c5 2. Nf3 Nc6 3. d4 cxd4 4. Nxd4 g6 5. c4 Bg7 6. Be3 Nf6 7. Nc3 Ng4 8.
Qxg4 Nxd4 9. Qd1 Ne6 10. Be2 O-O 11. O-O b6 12. Qd2 Bb7 13. Bh6 d6 14. Bxg7
Kxg7 15. Nd5 Rc8 16. Rac1 Nc5 17. f3 Qe8 18. Rfd1 Qd7 19. b4 Ne6 20. Qb2+ f6
21. Qd2 Rfd8 22. f4 Bxd5 23. cxd5 Rxc1 24. Rxc1 Nc7 25. Rc6 e6 26. Qc3 Ne8 27.
Bg4 Qe7 28. Bxe6 Kf8 29. e5 fxe5 30. fxe5 Ng7 31. Rc7 Qe8 32. Rf7+ 1-0

[Event "SVK 3.liga A2"]
[Site "?"]
[Date "2020.06.28"]
[Round "11.5"]
[White "Gasa, Andrej"]
[Black "Spacek, Oliver"]
[Result "1/2-1/2"]
[WhiteElo "2202"]
[BlackElo "2238"]
[PlyCount "20"]
[EventDate "2019.10.06"]

1. e4 c5 2. Nf3 e6 3. d4 cxd4 4. Nxd4 a6 5. Bd3 Bc5 6. Nb3 Be7 7. O-O d6 8. c4
Nf6 9. Nc3 O-O 10. Be3 b6 1/2-1/2

[Event "SVK 3.liga A2"]
[Site "?"]
[Date "2020.06.28"]
[Round "11.5"]
[White "Lanik, Miroslav"]
[Black "Pericka, Tomas"]
[Result "1/2-1/2"]
[WhiteElo "1876"]
[BlackElo "1980"]
[PlyCount "21"]
[EventDate "2019.10.06"]

1. e4 c5 2. Nf3 Nc6 3. d4 cxd4 4. Nxd4 g6 5. Nc3 Bg7 6. Be3 Nf6 7. Bc4 O-O 8.
Bb3 a5 9. f3 d5 10. exd5 Nb4 11. Ncb5 1/2-1/2

[Event "SVK 3.liga A2"]
[Site "?"]
[Date "2020.06.28"]
[Round "11.5"]
[White "Kir, Kvetoslav"]
[Black "Spacek, Marcel"]
[Result "1/2-1/2"]
[WhiteElo "1768"]
[BlackElo "1863"]
[PlyCount "24"]
[EventDate "2019.10.06"]

1. d4 Nf6 2. c4 g6 3. Nc3 Bg7 4. e4 d6 5. f3 O-O 6. Be3 e5 7. d5 Nh5 8. g4 Nf4
9. Nge2 Nxe2 10. Bxe2 f5 11. gxf5 gxf5 12. Qd2 f4 1/2-1/2

[Event "SVK 3.liga A2"]
[Site "?"]
[Date "2020.06.28"]
[Round "11.5"]
[White "Hrdlicka, Martin"]
[Black "Kubik, Peter"]
[Result "1/2-1/2"]
[WhiteElo "1794"]
[BlackElo "1826"]
[PlyCount "28"]
[EventDate "2019.10.06"]

1. e4 c6 2. d4 d5 3. Nc3 dxe4 4. Nxe4 Bf5 5. Ng3 Bg6 6. h4 h6 7. Nf3 Nd7 8. h5
Bh7 9. Bd3 Bxd3 10. Qxd3 Ngf6 11. Bd2 e6 12. O-O-O Qc7 13. Ne4 O-O-O 14. g3 Nc5
1/2-1/2

[Event "SVK 3.liga A2"]
[Site "?"]
[Date "2020.06.28"]
[Round "11.5"]
[White "Havlicek, Peter"]
[Black "Sadlon, Matus"]
[Result "1/2-1/2"]
[WhiteElo "1708"]
[BlackElo "1718"]
[PlyCount "23"]
[EventDate "2019.10.06"]

1. e4 e5 2. Nf3 Nc6 3. Bc4 Nf6 4. d3 Be7 5. O-O O-O 6. Nc3 d6 7. h3 Na5 8. Bb5
a6 9. Ba4 b5 10. Bb3 Nxb3 11. axb3 Bb7 12. Be3 1/2-1/2